| 000 | 00361nam a2200157Ia 4500 | ||
|---|---|---|---|
| 008 | 221030s9999 xx 000 0 und d | ||
| 020 | _a81203 | ||
| 041 | _aEnglish | ||
| 082 |
_a105.23 _bSad |
||
| 100 | _aS. Sadagopan | ||
| 245 | 0 | _aManagement Information System | |
| 260 |
_bPHI _aNew Delhi _c2003 |
||
| 300 | _a217 | ||
| 650 | _aMBA Computers | ||
| 942 | _cBK | ||
| 999 |
_c1905 _d1905 |
||